000 00547nam a2200217Ia 4500
003 OSt
005 20250805162819.0
008 210210b2018 xxu||||| |||| 00| 0 eng d
020 _a9780670083886
040 _cAL
041 _aeng
082 _a954.03 GUHG
100 _aRamachandra Guha
_9213754
245 _aGandhi
_b: the years that changed the world 1914-1948
260 _aUSA
_bPenguin Books
_c2018
300 _axx,1129p
650 _a1914-1948
_9213760
690 _aIndian History
_9213761
906 _a073069
942 _2ddc
_cBK
999 _c122844
_d122844